000 00424nam a2200181Ia 4500
001 2464
005 20260306144809.0
008 260306t2003||||xx |||||||||||||| ||spa||
041 _aESP
082 _a616.89
_bV39
100 _aVelasco Suárez, Carlos A.
_eAUT
245 0 _aPsiquiatría y persona
260 _c2003
300 _a272 páginas :
_c23 cm.
650 _aGEN
654 _aCPS
942 _cLIB
_dJUS
_fJUS
_2ddc
_n
999 _c2464
_d2464